Statistiques concernant Métiers par Emojis

Cliquez ici pour prendre le quiz!

Statistiques générales

  • Ce quiz a été pris 591 fois
  • Le résultat moyen est 10 sur 20

Statistiques - réponses

EmojisMétier% Correct
👮‍♀️Policier
98%
🧑‍🍳Chef/cuisinier
78%
👩‍⚕️Professionelle de la santé
72%
👨‍🎓Étudiant
69%
💂Garde
69%
🧑‍🏫Enseignant
68%
🕵️Détective
58%
👩‍🌾Agriculteur
57%
🧑‍🎤Chanteur
57%
🧑‍🎨Artiste
53%
👨‍🚒Pompier
52%
👷‍♂️Ouvrier du bâtiment
51%
👨‍🚀Astronaute
42%
👩‍🔧Mécanicien
33%
🧑‍💻Informaticien
29%
👨‍⚖️Juge
27%
👨‍🔬Scientifique
22%
👨‍✈️Pilote
17%
🧑‍🏭Ouvrier
15%
👨‍💼Employé de bureau
4%

Distribution des résultats

Percentile par nombre de réponses

% des personnes avec chaque résultat

Votre développement - résultats

Vous n’avez pas pris ce quiz